| 000 | 00791nas a2200277 i 4500 | ||
|---|---|---|---|
| 001 | 2709 | ||
| 003 | ES-MaACL | ||
| 005 | 20250724062606.0 | ||
| 007 | t| | ||
| 008 | 980305c1989 sp | | 0 ||pa d | ||
| 080 | _a(460) | ||
| 080 | _a008 | ||
| 245 | 0 | 3 | _aEl Canto de la tripulación. |
| 260 |
_aMadrid : _bNada Films, _c1989- |
||
| 300 |
_a1 v. ; _c32 cm. |
||
| 310 | _aIrregular | ||
| 362 | 0 | _aNº 1 (1989)- | |
| 500 | _aDescripción basada en nº 6. | ||
| 650 | 7 |
_aCultura _2embne _9170963 |
|
| 655 | 7 |
_2tgfbne _9226866 _aRevistas |
|
| 852 |
_aES-MaACL _jHem-1940 |
||
| 856 |
_uhttps://ladigitaldelreina.museoreinasofia.es/en/search/item/8539-el-canto-de-la-tripulacion _yMuseo Reina Sofia |
||
| 866 | 0 | _o1992-1993. | |
| 942 | _2udc | ||
| 999 |
_c2709 _d2709 |
||